Statistics for Top 15 Countries with Covid-19 Cases - 11 June

Click here to take the quiz!

General Stats

  • This quiz has been taken 17 times
  • The average score is 18 of 26

Answer Stats

country% Correct
Brazil
100%
France
100%
India
100%
Italy
100%
United Kingdom
100%
United States
100%
Germany
94%
Russia
94%
Spain
94%
Mexico
88%
Chile
75%
Chile
75%
Iran
75%
Turkey
75%
Ireland
69%
Pakistan
69%
Peru
69%
Belgium
63%
Sweden
63%
Bahrain
38%
Kuwait
38%
Qatar
38%
Belarus
31%
Singapore
31%
Armenia
13%
Panama
6%

Score Distribution

Percentile by Number Answered

Percent of People with Each Score

Your Score History

You have not taken this quiz